| 000 | 00616nam a22001937a 4500 | ||
|---|---|---|---|
| 005 | 20180831145031.0 | ||
| 010 | _aENG-123918 | ||
| 020 |
_c300.00 _a9788192679020 |
||
| 035 | _aEN-107450 | ||
| 037 | _bDBAD/PUB | ||
| 082 | _a355.0092254 | ||
| 100 | _aGupta, Abhay Kumar | ||
| 245 |
_aVeerkumars of rajwada / _cby Abhay Kumar Gupta ....et. all; ed. by Sidharth Mishra |
||
| 260 |
_c2014 _aGhaziabad _bSriav |
||
| 270 |
_a1304, Satpura Tower Kaushambi, _bGhaziabad _e201010 |
||
| 300 |
_c21cm.(pbk.) _a93p. _bill.(pictures) |
||
| 700 | _aMishra, Sidharth | ||
| 942 |
_cEN _2ddc _mGUP _h355.0092254 |
||
| 999 |
_c156709 _d156709 |
||